Fuzzy riadenie jednoduchého mechatronického systému v prostredí MATLAB Simscape

Uložené v:
Podrobná bibliografia
Hlavný autor: Trúchly, Marek (Autor)
Ďalší autori: Hypiusová, Mária (Vedúci práce)
Médium: Rukopis Kniha
Jazyk:Slovak
Vydavateľské údaje: Bratislava : STU v Bratislave FEI, 2023
Predmet:
On-line prístup:https://opac.crzp.sk/?fn=detailBiblioFormChildG16RID&sid=52D5268610832158DDA192036F77&seo=CRZP-detail-kniha
Tagy: Pridať tag
Žiadne tagy, Buďte prvý, kto otaguje tento záznam!

MARC

LEADER 00000ntm a22000003a 4500
001 stuzp91943
003 SK-STU
005 20240320140154.2
007 ta
008 150427s2015----xo-----f-mn---000-0-slo-d
040 |a STU  |b slo 
041 0 |a slo 
044 |a xo 
100 1 |a Trúchly, Marek  |u 030400  |4 aut  |U FEI Fakulta elektrotechniky a informatiky  |T FEI Ústav automobilovej mechatroniky  |X 111024  |U E400  |Y 642  |7 111024 
242 0 1 |a Fuzzy control of a simple mechatronic system in MATLAB Simscape  |y eng 
245 1 0 |a Fuzzy riadenie jednoduchého mechatronického systému v prostredí MATLAB Simscape 
260 |a Bratislava :  |b STU v Bratislave FEI,  |c 2023 
300 |a 51 s., príl. 
650 4 |a Simscape model  |2 slo 
650 4 |a PID regulátor  |2 slo 
650 4 |a fuzzy riadenie  |2 slo 
650 4 |a fuzzy control  |2 eng 
650 4 |a Simscape model  |2 eng 
650 4 |a PID controller  |2 eng 
700 1 |a Hypiusová, Mária  |u 030400  |k Z1  |4 ths  |U FEI Fakulta elektrotechniky a informatiky  |T FEI Ústav automobilovej mechatroniky  |X 4949  |U E400  |Y 642  |7 A000004949 
856 4 |u https://opac.crzp.sk/?fn=detailBiblioFormChildG16RID&sid=52D5268610832158DDA192036F77&seo=CRZP-detail-kniha